00466 2200169 4500001002100000005001700021006001900038008004100057020002200098035002500120090001800145100001700163245004600180260003800226700001500264990001700279INLIS00000000000840220130916095053.0a ||| | 180719| ||| |  a978-979-29-3222-5 a0010-081300000000039 a510.076 AZI r0 aNikodemus WK00aRUMUS MATEMATIKA LENGKAP (PLUS) UNTUK SMP aYogyakartabANDI Yogyakartac20120 aAbdul aziz a8567/PN/2013